01053nam a2200265Ia 450000500170000000800410001702000180005804100080007608200160008410000240010024501130012425000180023730000250025550000520028065000750033265000590040765100720046694200150053826400960055333600270064933700330067633800280070904000350073799900150077220220317001805.0170328s2012 m g 000 0 s  a9786075161723 aspa04aMe864bM65e1 aMonsiváis, Carlos14aLas esencias viajerasbhacia una crónica cultural del Bicentenario de la independenciacCarlos Monsiváis a1a. edición a398 páginasc23 cm aIncluye datos biográficos del autor en solapa142LEMBaIdentidad culturalxEnsayos, conferencias, etczAmérica latina142LEMBaLiteratura latinoamericanaxHistoria y Crítica 4aAmérica latinaxCivilizaciónxEnsayos, conferencias, etc990845 2ddccBKLIT aMéxicobFondo de Cultura Económica ; Consejo Nacional para la Cultura y las Artesc2012 atextobtxt2rdacontent asin mediaciónbn2rdamedia avolumenbnc2rdacarrier aCO-BoRNBPbspaerdacCO-BoRNBP c8107d8107